00585nam a2200169Ia 4500999001700000082001200017100001700029245007800046260002700124300001000151650001900161650003400180650002600214710005000240942001200290952011300302 c19648d19648 aRR.0001 aRaju, Sarada 0aRural urban flows of income savings and investment : A pilot study report c1987bICSSR, New Delhi a195p. aINCOME - INDIA aSAVING AND INVESTMENT - INDIA aINCOME, RURAL - INDIA aInstitute for Techno Economic Studies, Madras cRP2ddc 00104070aNASSDOCbNASSDOCd2004-10-08i2004-10-22l0oRR.0001p26669r2019-04-18 00:00:00w2019-04-18yRP